Pays selon la description Wikipédia #4 - Statistiques

Statistiques générales
  • Ce quiz a été pris 322 fois
  • Le résultat moyen est 8 sur 12
Statistiques - réponses
Hint Réponse % Correct
[...] fut le centre de l’Empire [...] au XIIIe siècle et le pays fut ensuite gouverné par la dynastie Qing, d'origine mandchoue, de la fin du XVIIe siècle à 1911, date à laquelle l'indépendance de [...] fut proclamée à la faveur de la chute de l'Empire chinois, à la suite de la révolution chinoise de 1911 (ou révolution Xinhai). Mongolie
92%
[...]fait partie des pays dits du Cône Sud et parmi les pays d'Amérique latine, il est celui où la culture européenne est la plus affirmée. [...] est le pays le plus développé d'Amérique latine (en 2021, son indice de développement humain était de 0,8554). C'est également, en 2010, le pays le moins corrompu d'Amérique latine, et l'un des plus démocratiques. Chili
83%
Occupant un territoire d'une superficie de 449 964 km2, la [...] est le cinquième plus grand pays d'Europe après l'Espagne, l'Ukraine, la France et la Russie. La [...] possède une faible densité de population, sauf dans les zones urbaines où vit 87 % de la population. Il est considéré comme le pays le plus écologique du monde. Suède
83%
Le pays doit son nom à son principal cours d'eau, le fleuve [...]. Avec une population d'environ 600 000 habitants et une superficie de 163 270 km2,[...] est, après le Guyana, le deuxième pays le moins densément peuplé des Amériques ainsi que le pays ayant la plus faible superficie d'Amérique du Sud. Surinam
79%
Situé au bord du golfe de Guinée, [...] possède 4 047 km de frontières terrestres, et 853 km de littoral. le pays est bordé à l'ouest par le Bénin (773 km), à l'est-sud-est par le Cameroun (1 690 km), au nord par le Niger (1 497 km) et à l'est-nord-est par le Tchad (84 km). Nigeria
76%
Sa langue officielle est l'azéri et sa monnaie est le manat. Le pays a gagné son indépendance au moment de l'éclatement de l'URSS en 1991. Elle est considérée aujourd’hui comme une dictature tenue depuis plusieurs décennies par la famille Aliyev, de père en fils. Azerbaidjan
69%
Lors de son premier voyage en 1492, Christophe Colomb explore et conquiert l'île pour l'Espagne. La colonie de Saint-Domingue est le siège du premier peuplement européen permanent dans les Amériques et le premier siège de la domination coloniale espagnole dans le Nouveau Monde. République dominicaine
69%
Le régime politique est une monarchie constitutionnelle héréditaire, avec un émir pour chef d'État, la langue officielle l'arabe, la monnaie nationale le dinar [...]. Important producteur de pétrole, [...] est membre de l'Organisation des pays exportateurs de pétrole ). Par ailleurs, le pays ne compte ni cours d'eau ni lacs permanents ; les eaux souterraines sont les seules sources d'eau naturelle Koweit
64%
[...] est un ensemble de fiefs mineurs en guerre jusqu'au début du XIIe siècle, quand le lama et chef militaire Shabdrung Ngawang Namgyal, fuyant la persécution religieuse au Tibet, unifie toute la région. Au XVIII siècle, [...] entre en contact avec l'Empire britannique. Le pays continue de maintenir des relations bilatérales fortes avec l'Inde, de laquelle il se détache en 1949. Bhoutan
63%
[...] est un pays situé en Afrique australe. Enclavé entre les fleuves Zambèze et Limpopo, le pays possède seize langues officielles dont principalement l'anglais, le shona et le ndébélé. Zimbabwe
58%
Les Îles [...] parfois simplement appelées les [...], sont un État de Mélanésie situé à l'est-sud-est de la Papouasie-Nouvelle-Guinée. C'est une monarchie constitutionnelle et parlementaire membre du Commonwealth. Les îles qui composent ce pays se trouvent essentiellement en mer des [...]. Il est constitué d’une douzaine d’îles principales et de près d'un millier d'îles plus petites situées à cheval sur deux archipels. Îles Salomon
56%
[...] a été l'un des lieux emblématiques de la civilisation de Dilmun, avant de tomber sous les dominations des parthes et sassanides. La région est convertie à l'islam en 628, ce qui en fait l'un des premiers pays musulmans. Après une période de domination par les Arabes, [...] est occupé par les Portugais en 1521. Bahrein
38%
Aucun quiz correspondant
Distribution des résultats
% des personnes avec chaque résultat
Percentile par nombre de réponses
Votre historique - résultats
Vous n’avez pas pris ce quiz